00858cam a2200217 a 450000500170000000800410001702000300005804000500008804100080013810000240014624500690017026000390023930000250027850400530030360000390035661000600039565000530045565000400050865100460054865100460059420140903174917.0130906e2011 xxub grn 001 0 eng d a0230117775c9780230117778 aCO-BoUCMbspacRoberto BurgosdAlexis Barreto00aeng1 aWeigert, Stephen L.10aAngola a modern military history, 1961-2002cStephen L. Weigert aNew YorkbPalgrave Macmillanc2011 bmapasa272 páginas aIncluye referencias bibliográficas e índices14aSavimbi, Jonas Malheiro, 1934-200224aUnião Nacional para a Independência Total de Angola 7aGuerra de guerrillasxHistoriazAngolaySiglo XX 7aTáctica militarzAngolaySiglo XX 4aAngolaxHistoriayGuerra Civil, 1975-2002 4aAngolaxHistoriayRevolución, 1961-1975